| 000 | 00930nam a22002417a 4500 | ||
|---|---|---|---|
| 003 | BPGM | ||
| 008 | 260512m mx gr|||| 001 0 spa d | ||
| 020 | _a970-737-028-9 | ||
| 040 | _bspa | ||
| 041 | _hSPA | ||
| 041 | _hSPA | ||
| 082 | 0 | 4 |
_a810 _bC |
| 100 | _aLONDON, JACK | ||
| 245 | _aCOLMILLO BLANCO | ||
| 260 |
_aMÉXICO _bEXODO _cABRIL 2013 |
||
| 300 |
_a263 PÁGINAS, _c20.6X13.4 CM |
||
| 336 |
_2rdacontent _atexto _btxt |
||
| 337 |
_2rdamedia _asin mediación _bn |
||
| 338 |
_2rdacarrier _avolumen _bnc |
||
| 505 | _aES UNA EXCELENTE OBRA QUE NARRA DETALLADAMENTE EL MUNDO INTERNO DE UN PERRO-LOBO, DESDE QUE NACE HASTA QUE LOGRA ADQUIRIR UNA VIDA PLENA Y SATISFACHA, AL LADO DE UN HOMBRE QUE LO VALORA EN TODAS SUS DIMENSIONES POR LO QUE ES Y POR LO QUE SABE HACER MEJOR: SER FIEL A SU MANO Y SEÑOR, NO OBSTANTE QUE TENGA QUE DAR SU VIDA POR ELLO. | ||
| 650 |
_v810 _x800 _y10 _z0 |
||
| 942 |
_2ddc _cCONSULTA |
||
| 999 |
_c68577 _d68577 |
||